000 00287nam a22001337a 4500
008 170623b xxu||||| |||| 00| 0 eng d
020 _a9781400097685
041 _aeng
080 _a94
100 _a18
101 _aSHH
245 _aMENACE IN EUROPE
_cBERLINSKI.C
942 _2udc
_cBK
999 _c18998
_d18998